[Event "USA tt playoff"]
[Site "ICC INT"]
[Date "2012.11.15"]
[Round "1"]
[White "Lessler, Peter"]
[Black "Guenther, Travis R"]
[Result "1-0"]
[WhiteElo "2173"]
[BlackElo "1829"]
[PlyCount "53"]
[EventDate "2012.11.12"]
[EventType "team-k.o."]
[EventRounds "3"]
[EventCountry "USA"]
[SourceTitle "CBM 151 Extra"]
[Source "ChessBase"]
[SourceDate "2012.12.18"]
[SourceVersion "1"]
[SourceVersionDate "2012.12.18"]
[SourceQuality "1"]
[WhiteTeam "Seattle"]
[BlackTeam "Dallas"]
[WhiteTeamCountry "USA"]
[BlackTeamCountry "USA"]

1. d4 d5 2. c4 c6 3. Nc3 dxc4 4. e4 b5 5. a4 b4 6. Nb1 Nf6 7. e5 Nd5 8. Bxc4 e6 9. Nf3 Be7 10. 0-0 0-0 11. Qc2 a5 12. Re1 Bb7 13. Nbd2 Nd7 14. Ne4 h6 15. Ng3 Re8 16. Qe4 Bg5 17. Bxg5 hxg5 18. Qg4 Ba6 19. Bb3 Bd3 20. Nxg5 Nf8 21. Rac1 Ne7 22. Nxf7 Kxf7 23. Qf3+ Nf5 24. Nxf5 Bxf5 25. Qxf5+ Kg8 26. Qg4 Rc8 27. Rc5 1-0

[Event "Los Angeles Metropolitan 22nd"]
[Site "Los Angeles"]
[Date "2012.08.17"]
[Round "6"]
[White "Lessler, Peter"]
[Black "Peters, Jack"]
[Result "1-0"]
[WhiteElo "2200"]
[BlackElo "2355"]
[PlyCount "63"]
[EventDate "2012.08.14"]
[EventType "swiss"]
[EventRounds "9"]
[EventCountry "USA"]
[SourceTitle "CBM 150 Extra"]
[Source "ChessBase"]
[SourceDate "2012.10.19"]
[SourceVersion "1"]
[SourceVersionDate "2012.10.19"]
[SourceQuality "1"]

1. d4 Nf6 2. c4 e6 3. Nc3 Bb4 4. Qc2 0-0 5. a3 Bxc3+ 6. Qxc3 b6 7. Bg5 c5 8. e3 Bb7 9. Nf3 d6 10. Bd3 Nbd7 11. 0-0 e5 12. Nd2 h6 13. Bh4 cxd4 14. exd4 Rc8 15. Rfe1 Re8 16. Bf5 Rc7 17. Rad1 Qa8 18. f3 g6 19. Bb1 Nd5 20. Qb3 Ne7 21. Qb4 Nc8 22. Ne4 a5 23. Qd2 Kg7 24. Rc1 Ba6 25. Ba2 f5 26. Nc3 Nf8 27. dxe5 dxe5 28. Bf6+ Kh7 29. Bxe5 Rd7 30. Nd5 Re6 31. Bc3 Qc6 32. Qd4 1-0

[Event "CAN-ch op 49th"]
[Site "Victoria"]
[Date "2012.07.13"]
[Round "9"]
[White "Plotkin, Mark"]
[Black "Lessler, Peter"]
[Result "0-1"]
[WhiteElo "1877"]
[BlackElo "2217"]
[PlyCount "94"]
[EventDate "2012.07.08"]
[EventType "swiss"]
[EventRounds "9"]
[EventCountry "CAN"]
[SourceTitle "CBM 149 Extra"]
[Source "ChessBase"]
[SourceDate "2012.08.24"]
[SourceVersion "1"]
[SourceVersionDate "2012.08.24"]
[SourceQuality "1"]

1. e4 c6 2. c4 d5 3. exd5 cxd5 4. d4 Nf6 5. Nc3 Nc6 6. Bg5 e6 7. Nf3 Be7 8. c5 0-0 9. Bd3 b6 10. Bb5 Bd7 11. Bxc6 Bxc6 12. Ne5 Rc8 13. b4 bxc5 14. bxc5 Ne4 15. Nxe4 dxe4 16. Nxc6 Rxc6 17. Qa4 Bxg5 18. Qxc6 Qa5+ 19. Kf1 Qc3 20. Rd1 Qc2 21. Re1 Qc4+ 22. Kg1 Bd2 23. Qxe4 Bxe1 24. Qxe1 Qxd4 25. h4 Rc8 26. Rh3 Rxc5 27. Qe3 Qd1+ 28. Kh2 Qd6+ 29. Qg3 Qd8 30. h5 h6 31. Qe3 Qc7+ 32. g3 Rc2 33. Rh4 Rxa2 34. Rg4 Qb6 35. Qxb6 axb6 36. Kg2 Rb2 37. Ra4 Kf8 38. Ra7 b5 39. Rb7 b4 40. g4 b3 41. Kf3 Rb1 42. Kf4 b2 43. Kf3 g6 44. hxg6 fxg6 45. Kg2 Ke8 46. Rb3 Ke7 47. f4 Kd6 0-1

[Event "CAN-ch op 49th"]
[Site "Victoria"]
[Date "2012.07.08"]
[Round "2"]
[White "Lessler, Peter"]
[Black "Wang, Richard"]
[Result "0-1"]
[WhiteElo "2217"]
[BlackElo "2322"]
[PlyCount "92"]
[EventDate "2012.07.08"]
[EventType "swiss"]
[EventRounds "9"]
[EventCountry "CAN"]
[SourceTitle "CBM 149 Extra"]
[Source "ChessBase"]
[SourceDate "2012.08.24"]
[SourceVersion "1"]
[SourceVersionDate "2012.08.24"]
[SourceQuality "1"]

1. d4 d5 2. c4 c6 3. Nf3 Nf6 4. e3 Bf5 5. Nc3 e6 6. Nh4 Bg6 7. Nxg6 hxg6 8. Bd2 Nbd7 9. Rc1 Bd6 10. g3 Qe7 11. Qb3 Rb8 12. Bg2 0-0 13. 0-0 dxc4 14. Qxc4 e5 15. Rfe1 g5 16. a3 g4 17. b4 e4 18. h3 gxh3 19. Bxh3 Nb6 20. Qe2 Nfd5 21. Bf5 Nf6 22. Kg2 g6 23. Bg4 Nfd5 24. Rh1 f5 25. Rh6 Kg7 26. Rch1 Nf6 27. f3 fxg4 28. fxe4 Nbd7 29. e5 Nxe5 30. dxe5 Qxe5 31. Qe1 Nh5 32. R6xh5 gxh5 33. Ne2 Qe4+ 34. Kg1 Kg6 35. Nc3 Qd3 36. Ne2 Rbe8 37. Rh2 Rf3 38. Nf4+ Bxf4 39. gxf4 Rexe3 40. Bxe3 Rxe3 41. f5+ Kf7 42. Qc1 Rg3+ 43. Rg2 Qd4+ 44. Kf1 Rf3+ 45. Ke1 Qe5+ 46. Re2 Qg3+ 0-1

[Event "ZI-2007-0-00129"]
[Site "LSS email"]
[Date "2007.05.14"]
[Round "?"]
[White "Lessler, Peter"]
[Black "Szenczy, Sandor"]
[Result "0-1"]
[WhiteElo "1738"]
[BlackElo "1938"]
[PlyCount "24"]
[EventDate "2007.05.13"]
[EventType "match (corr)"]
[EventRounds "2"]
[EventCountry "GER"]
[SourceTitle "Corr 2015"]
[Source "ChessBase"]
[SourceDate "2015.07.17"]
[SourceVersion "1"]
[SourceVersionDate "2015.07.17"]
[SourceQuality "1"]

1. e4 c5 2. Nf3 Nc6 3. Bb5 g6 4. 0-0 Bg7 5. c3 Nf6 6. Re1 0-0 7. h3 e5 8. a3 a6 9. Bxc6 dxc6 10. Nxe5 Re8 11. d4 cxd4 12. cxd4 Nxe4 0-1

[Event "LSS RI-2007-0-00108"]
[Site "LSS email"]
[Date "2007.05.13"]
[Round "?"]
[White "Ottenweller, Wolfgang"]
[Black "Lessler, Peter"]
[Result "1-0"]
[WhiteElo "1514"]
[BlackElo "1738"]
[PlyCount "23"]
[EventDate "2007.05.11"]
[EventType "tourn (corr)"]
[EventRounds "6"]
[EventCountry "GER"]
[SourceTitle "Corr 2015"]
[Source "ChessBase"]
[SourceDate "2015.07.17"]
[SourceVersion "1"]
[SourceVersionDate "2015.07.17"]
[SourceQuality "1"]

1. e4 c6 2. d4 d5 3. Nc3 dxe4 4. Nxe4 Bf5 5. Ng3 Bg6 6. h4 h6 7. Nf3 Nd7 8. h5 Bh7 9. Bd3 Bxd3 10. Qxd3 e6 11. Bf4 Qa5+ 12. c3 1-0